Das modello: Antoni Gaudis: hängemodell und seine rekonskruktion-neue erkenntnisse zun entwurf für die kirche der Colonia Güell

Збережено в:
Бібліографічні деталі
Автор: Tomlow, Jos (Автор)
Формат: Книга
Мова:Іспанська
Німецька
Англійська
Опубліковано: Stuttgart Institut für leichte Flachentragwerke 1989
Предмети:
Теги: Додати тег
Немає тегів, Будьте першим, хто поставить тег для цього запису!

MARC

LEADER 00000nam a2200000 a 4500
001 UCV7644
003 CL-VaPUC
008 890421e19890000GW |||||||||||||||||spa|d
041 0 7 |a spa  |2 CL-VaPUC 
041 0 7 |a ger  |2 CL-VaPUC 
041 0 7 |a eng  |2 CL-VaPUC 
082 0 4 |a 726.51  |b TOM  |2 21 
100 0 |a Tomlow, Jos  |e author  |9 301777 
245 1 4 |a Das modello: Antoni Gaudis: hängemodell und seine rekonskruktion-neue erkenntnisse zun entwurf für die kirche der Colonia Güell 
246 1 4 |a The model: Antoni Gaudi's hanging model and its reconstruction-new light on the design of church of Colonia Güell 
246 1 3 |a El modelo: colgante de Antoni Gaudi y su reconstrucción-nuevos conocimientos para el diseño de la iglesia de la Colonia Güell 
300 |a 272 p 
942 |c BK 
945 |d 19890421 00:00:00 
260 |a Stuttgart  |b Institut für leichte Flachentragwerke  |c 1989 
500 |a Modelo colgante de Antoni Gaudi y su reconstrucción 
500 |a Nuevos conocimientos para el diseño de la iglesia de la Colonia Güell 
600 0 |a Gaudí i Cornet, Antoni  |d 1852-1926.  |9 265270 
650 0 |a Iglesia   |9 255004 
650 0 |a Diseño arquitectónico   |9 265271 
583 |a last modification  |c 20130705 03:49:45  |k Rodrigo Vera 
999 |c 213288  |d 213286 
952 |0 0  |1 0  |4 0  |6 726_510000000000000_TOM_1989  |7 0  |8 P  |9 195515  |a BIBARQ  |b BIBARQ  |d 2019-11-14  |i 2635674  |o 726.51 TOM 1989  |p 2635674  |r 2025-01-20  |w 2019-11-14  |y BK  |k ARQ